000 01124nam a2200229Ia 4500
999 _c50970
_d50970
001 17927
003 GE_BSU
005 20200228154353.0
008 181216s2014ge xx |||||||||||||| ||geo||
040 _cGE_BSU
041 _ageo
080 _a342(075.8) დ-32
100 _aდემეტრაშვილი, ავთანდილ.
_97644
245 _aკონსტიტუციური სამართალი 2014 წ. 15 სექტემბრის მდგო.მარეობით :
_bსახელმძღვანელო ბაკალავრიატის სტუდენტებისათვის /
_cავთანდილ დემეტრაშვილი ; ირაკლი კობახიძე .
250 _a2-გამოც.
264 _aთბილისი :
_bრაიზი,
_c2014.
300 _a308 გვ.:
_c21 სმ.
653 _aსამართალი
653 _aკონსტიტუციური სამართალი
700 _aკობახიძე, ირაკლი
_9134
942 _cBK
_2udc